000
00369nam a2200145Ia 4500
008
100122s9999 xx 000 0 und d
082
_b
18348
_a
823
100
_a
साधले आनंद
245
_a
सय
260
_b
ग.पां.परचुरे प्रकाशन
_c
1905
300
_a
143
630
_a
सय
730
_a
सय
942
_c
BOOK
999
_c
407778
_d
407775